000 01258nam a22003617a 4500
001 124
003 FISKH
005 20230228101941.0
008 230228b cb ||||| |||| 00| 0 eng d
020 _a9780763663407
040 _aDLC
_cDLC
_dDLC
_dFISKH
_beng
050 0 0 _aPZ7.V8556
_bDao 2013
082 0 0 _a823.92
_223
100 1 _aVoake, Steve.
245 1 0 _aDaisy Dawson on the farm /
_cSteve Voake ; illustrated by Jessica Meserve.
250 _a1st U.S. pbk. ed.
260 _aSomerville, Mass. :
_bCandlewick Press,
_c2013.
300 _a88 p. :
_bill. ;
_c20 cm.
490 0 _aDaisy Dawson ;
_vno. 5
505 _aM
521 1 _a740
_bLexile
521 1 _aM
_bRaz-Plus
650 0 _aHuman-animal relationships
_vJuvenile fiction.
650 0 _aDomestic animals
_vJuvenile fiction.
650 0 _aAnimals
_vJuvenile fiction.
650 0 _aSummer
_vJuvenile fiction.
650 0 _aDroughts
_vJuvenile fiction.
700 1 _aMeserve, Jessica,
_eill.
856 4 2 _3Contributor biographical information
_uhttp://www.loc.gov/catdir/enhancements/fy1403/2012938738-b.html
856 4 2 _3Publisher description
_uhttp://www.loc.gov/catdir/enhancements/fy1403/2012938738-d.html
906 _a7
_bcbc
_corigres
_d2
_encip
_f20
_gy-gencatlg
942 _2ddc
_cBK
_n0
999 _c124
_d124